000 00467nam a2200169 i 4500
001 138745
003 ES-MaACL
005 20230906195627.0
007 t|
008 070214s1930 sp r ||||1| spa d
100 1 _aSanz y Marcos, Augusto.
_9103696
245 1 0 _aElementos de topografĂ­a /
_cAugusto Sanz y Marcos.
260 _aMadrid :
_bHernando,
_c1930.
300 _a314 p. :
_bil. ;
_c24 cm.
650 4 _aTopografĂ­a.
_9136936
852 _aES-MaACL
_jA-1266
999 _c138745
_d138745